Satellite oceanography : an introduction for oceanographers and remote-sensing scientists
Saved in:
| Main Author: | |
|---|---|
| Format: | Book |
| Language: | English |
| Published: |
Chichester :
Ellis Horwood,
1985
|
| Series: | Ellis Horwood series in marine science
|
| Subjects: | |
| Tags: |
Add Tag
No Tags, Be the first to tag this record!
|
MARC
| LEADER | 00000nam a2200000 i 4500 | ||
|---|---|---|---|
| 001 | 1/87282 | ||
| 008 | 980731s1985 eng d | ||
| 020 | |a 0-85312-598-8 | ||
| 020 | |a 0471954241 | ||
| 035 | |l 10006682 | ||
| 040 | |a GR-MY-UA |b gre |e aacr | ||
| 041 | 0 | |a eng | |
| 082 | 0 | |a 551.460028 | |
| 100 | 1 | |a Robinson, I. S. |q (Ian Stuart) |d 1947 Feb. 8- | |
| 245 | 1 | 0 | |a Satellite oceanography : |b an introduction for oceanographers and remote-sensing scientists / |c I. S. Robinson |
| 260 | |a Chichester : |b Ellis Horwood, |c 1985 | ||
| 300 | |a 455 p.; |c 24 cm | ||
| 490 | 1 | |a Ellis Horwood series in marine science | |
| 504 | |a Bibliography: p. [428]-443. Includes index | ||
| 650 | 0 | 0 | |a Oceanography |x Remote sensing. |
| 650 | 0 | 0 | |a Astronautics in oceanography. |
| 830 | 0 | |a Ellis Horwood series in marine science | |
| 852 | |a INST |b LESVOS |e 19980731 |h 551.460028 ROB |p 005100003587 |q 005100003587 |t BK |y 0 | ||
| 909 | |a Λ |b 010020 | ||
| 950 | |a 107-1998-05-27 | ||